书目信息 |
| 题名: |
色彩
|
|
| 作者: | 马一平 编著 | |
| 分册: | ||
| 出版信息: | 重庆 西南师范大学出版社 2001 |
|
| 页数: | 102页 | |
| 开本: | 26cm | |
| 丛书名: | ||
| 单 册: | ||
| 中图分类: | J206.3 | |
| 科图分类: | ||
| 主题词: | 色彩学--教材 , 绘画理论 | |
| 电子资源: | ||
| ISBN: | 7-5621-0727-0 | |
| 000 | 00750nam0 2200253 45 | |
| 001 | 0194042183 | |
| 005 | 20070621104357.29 | |
| 010 | @a7-5621-0727-0@dCNY25.00 | |
| 100 | @a19940810e2001 em y0chiy0121 ea | |
| 101 | 0 | @achi |
| 102 | @aCN@b510000 | |
| 105 | @af z 000yy | |
| 200 | 10 | @a色彩@ASE CAI@f马一平编著@Fma yi ping bian zhu |
| 210 | @a重庆@c西南师范大学出版社@d2001 | |
| 215 | @a102页@c彩图@d26cm | |
| 300 | @a四川美术自考教材 美术函授教材 美术专科教材 美术考生训练教材 | |
| 314 | @a高 敏,西南师大美术系任教 | |
| 540 | 1 | @a色彩@ASE CAI |
| 606 | @a色彩学@x教材 | |
| 606 | 0 | @a绘画理论 |
| 690 | @aJ206.3@v三版 | |
| 701 | 0 | @a马一平@Ama yi ping@4编著 |
| 801 | 0 | @aCN@bNLC@c20070621 |
| 905 | @f1@b267343@dJ206.3@e375@b275098-100@f3 | |
| 色彩/马一平编著.-重庆:西南师范大学出版社,2001 |
| 102页:彩图;26cm |
| 四川美术自考教材 美术函授教材 美术专科教材 美术考生训练教材 |
| ISBN 7-5621-0727-0:CNY25.00 |
| ● |
| 相关链接 |
|
|
|
|
正题名:色彩
索取号:J206.3/375
 
预约/预借
| 序号 | 登录号 | 条形码 | 馆藏地/架位号 | 状态 | 备注 |
| 1 | 0502567 | 205025676 | 密集书库/ [索取号:J206.3/375] | 在馆 | |
| 2 | 0502568 | 205025685 | 密集书库/ [索取号:J206.3/375] | 在馆 | |
| 3 | 0502569 | 205025694 | 密集书库/ [索取号:J206.3/375] | 在馆 | |
| 4 | 0502570 | 205025701 | 密集书库/ [索取号:J206.3/375] | 在馆 | |
| 5 | 0502571 | 205025710 | 密集书库/ [索取号:J206.3/375] | 在馆 | |
| 6 | 0502572 | 205025729 | 密集书库/ [索取号:J206.3/375] | 在馆 | |
| 7 | 0502980 | 205029805 | 密集书库/ [索取号:J206.3/375] | 在馆 | |
| 8 | 0659695 | 206596959 | 库房3/ [索取号:J206.3/375] | 在馆 | |
| 9 | 0659696 | 206596968 | 库房3/ [索取号:J206.3/375] | 在馆 | |
| 10 | 0659697 | 206596977 | 库房3/ [索取号:J206.3/375] | 在馆 | |
| 11 | 0659698 | 206596986 | 库房3/ [索取号:J206.3/375] | 在馆 | |
| 12 | 0659699 | 206596995 | 库房3/ [索取号:J206.3/375] | 在馆 | |
| 13 | 0659700 | 206597002 | 库房3/ [索取号:J206.3/375] | 在馆 | |
| 14 | 0659701 | 206597011 | 库房3/ [索取号:J206.3/375] | 在馆 | |
| 15 | 0659702 | 206597020 | 库房3/ [索取号:J206.3/375] | 在馆 | |
| 16 | 0659703 | 206597039 | 库房3/ [索取号:J206.3/375] | 在馆 | |
| 17 | 0659704 | 206597048 | 库房3/ [索取号:J206.3/375] | 在馆 | |
| 18 | 0659705 | 206597057 | 库房3/ [索取号:J206.3/375] | 在馆 | |
| 19 | 0659706 | 206597066 | 库房3/ [索取号:J206.3/375] | 在馆 | |
| 20 | 0659707 | 206597075 | 库房3/ [索取号:J206.3/375] | 在馆 | |
| 21 | 0659708 | 206597084 | 库房3/ [索取号:J206.3/375] | 在馆 | |
| 22 | 0659709 | 206597093 | 库房3/ [索取号:J206.3/375] | 在馆 | |
| 23 | 0659710 | 206597100 | 库房3/ [索取号:J206.3/375] | 在馆 | |
| 24 | 0659711 | 206597119 | 库房3/ [索取号:J206.3/375] | 在馆 |